|
|
|
|
| LEADER |
00000nab a2200000 a 4500 |
| 001 |
vtls000272397 |
| 003 |
SK-MaSNL |
| 005 |
20260303182109.0 |
| 008 |
220422c1987 xo 0 slo |
| 015 |
|
|
|a SNBRB19rr/mm-uuuuu
|
| 035 |
|
|
|a CL0282511
|
| 040 |
|
|
|a SNKBUCL
|b slo
|c SNKBUCL
|e AACR2
|
| 041 |
0 |
|
|a slo
|
| 044 |
|
|
|a xo
|c SK
|
| 080 |
|
|
|a 615.11
|2 1981
|
| 080 |
|
|
|a 616-053.9
|2 1981
|
| 100 |
1 |
|
|a Kotoučková, M.
|4 aut
|9 1118189
|
| 245 |
1 |
0 |
|a Analýza preskripcie individuálne pripravovaných liekov u osôb vyššieho veku
|c M. Kotoučková, V. Špringer, J. Majtás
|
| 300 |
|
|
|b Obr. 1. Tb. 8. Res. rus., angl., nem., lit. 22 zázn. v slov., češ.
|
| 650 |
0 |
7 |
|a lieky
|2 snkbucl
|9 2515
|
| 655 |
|
7 |
|a články z novín a časopisov
|2 snkbucl
|9 267496
|
| 700 |
1 |
|
|a Špringer, Vladimír,
|d 1933-2009
|4 aut
|9 196745
|
| 700 |
1 |
|
|a Majtás, Ján,
|d 1947-
|4 aut
|9 13742
|
| 773 |
0 |
|
|t Československá farmacie
|g Roč. 36, č. 1 (1987), s. 19-24
|
| 850 |
|
|
|a Slovenská národná knižnica v Martine
|a MTA001
|
| 852 |
|
|
|a SNK
|b KIS3GCP
|
| 958 |
|
|
|a NB
|
| 958 |
|
|
|a RK
|
| 958 |
|
|
|a ME
|
| 992 |
|
|
|a RBX
|
| 999 |
|
|
|c 2115656
|d 2117586
|